Number the stars / (Record no. 4247)

MARC details
000 -LEADER
fixed length control field 01198cam a2200313 4500
001 - CONTROL NUMBER
control field 5082
005 - DATE AND TIME OF LATEST TRANSACTION
control field 20181127174740.0
008 - FIXED-LENGTH DATA ELEMENTS--GENERAL INFORMATION
fixed length control field 140916s2014 mau c 000 1 eng
010 ## - LIBRARY OF CONGRESS CONTROL NUMBER
LC control number 2014381009
020 ## - INTERNATIONAL STANDARD BOOK NUMBER
International Standard Book Number 9780007395200
043 ## - GEOGRAPHIC AREA CODE
Geographic area code e-dk---
100 1# - MAIN ENTRY--PERSONAL NAME
Personal name Lowry, Lois.
245 10 - TITLE STATEMENT
Title Number the stars /
Statement of responsibility, etc. Lois Lowry.
250 ## - EDITION STATEMENT
Edition statement 25th anniversary edition.
264 #1 - PRODUCTION, PUBLICATION, DISTRIBUTION, MANUFACTURE, AND COPYRIGHT NOTICE
Place of production, publication, distribution, manufacture London :
--
Name of producer, publisher, distributor, manufacturer HarperCollins Children's Books,
Date of production, publication, distribution, manufacture, or copyright notice 2011.
300 ## - PHYSICAL DESCRIPTION
Extent 169 pages ;
Dimensions 22 cm
336 ## - CONTENT TYPE
Content type term text
Content type code txt
Source rdacontent
337 ## - MEDIA TYPE
Media type term unmediated
Media type code n
Source rdamedia
338 ## - CARRIER TYPE
Carrier type term volume
Carrier type code nc
Source rdacarrier
500 ## - GENERAL NOTE
General note ""With an introduction by the author""-- Dust jacket.
General note Originally published: Boston : Houghton Mifflin Company, 1989.
520 ## - SUMMARY, ETC.
Summary, etc. In 1943, during the German occupation of Denmark, ten-year-old Annemarie learns how to be brave and courageous when she helps shelter her Jewish friend from the Nazis.
586 ## - AWARDS NOTE
Awards note Newbery Medal, 1990.
650 ## - SUBJECT ADDED ENTRY--TOPICAL TERM
Topical term or geographic name entry element Holocaust, Jewish (1939-1945) -- Fiction.
Form subdivision
General subdivision
Chronological subdivision
Geographic subdivision
Source of heading or term
Topical term or geographic name entry element Friendship
Form subdivision Fiction.
Topical term or geographic name entry element World War, 1939-1945
General subdivision Jews
-- Rescue
Form subdivision Fiction.
Topical term or geographic name entry element World War, 1939-1945
Geographic subdivision Denmark
Form subdivision Fiction.
651 #1 - SUBJECT ADDED ENTRY--GEOGRAPHIC NAME
Geographic name Denmark
Form subdivision Fiction.
Holdings
Withdrawn status Lost status Source of classification or shelving scheme Damaged status Not for loan Collection code Home library Current library Shelving location Date acquired Serial Enumeration / chronology Inventory number Total Checkouts Total Renewals Full call number Barcode Date last seen Date last checked out Price effective from Koha item type
    Dewey Decimal Classification     Fiction RTC Library RTC Library Fiction 01/03/2021 8356 10 1 FIC 813.54 LOW 30009552 08/11/2022 27/10/2022 27/11/2018 Fiction
Royal Thimphu College || All Right Reserved